000 00731nam a2200229 a 4500
999 _c1057
_d1057
001 1057
003 BD-JhCC
005 20180715134015.0
008 171014s2012 bg |||| |||| 00| 0 ben d
020 _a9789849019350
035 _a(BD-JhCC)1057
040 _aBD-JhCC
_dBD-JhCC
041 _aben
082 _a891.4409
_bALM 2012
100 _aআলম, মাহবুব
245 _aগুপ্তধনের খোঁজে ইতিহাসের বিচিএ সরস কাহিনী /
_cমাহবুব আলম
260 _aঢাকাঃ
_bপ্রথমা প্রকাশনী,
_c2012
300 _a143 p. :
_c21 cm.
650 _aBengali literature
942 _2ddc
_cBK
_02